El ingenioso hidalgo don Quijote de la Mancha, que contiene su tercera salida y es la quinta parte de sus aventuras

Gorde:
Xehetasun bibliografikoak
Egile nagusia: Cervantes y Saavedra, Miguel de (Egilea)
Formatua: Liburua
Hizkuntza:gaztelania
Argitaratua: Madrid Castalia 1980
Saila:Clásicos Castalia, 41
Gaiak:
Etiketak: Etiketa erantsi
Etiketarik gabe, Izan zaitez lehena erregistro honi etiketa jartzen!

MARC

LEADER 00000nam a2200000 a 4500
001 UCR3421
003 CL-VaPUC
008 980124e19800000SP |||||||||||||||||spa|d
082 0 4 |a 863  |b CER  |2 21 
100 |a Cervantes y Saavedra, Miguel de  |e author  |9 267947 
245 1 3 |a El ingenioso hidalgo don Quijote de la Mancha, que contiene su tercera salida y es la quinta parte de sus aventuras 
300 |a 468 p 
942 |c BK 
945 |d 19980124 00:00:00  |a aolguin 
260 |a Madrid  |b Castalia  |c 1980 
650 0 |a Novelas españolas  |9 265052 
650 0 |a Literatura española  |9 306261 
583 |a last modification  |c 19980124 00:00:00  |k Rodrigo Vera 
490 0 |a Clásicos Castalia, 41 
999 |c 266495  |d 266493 
952 |0 0  |1 0  |4 0  |6 863_000000000000000_CER_1980  |7 0  |8 A  |9 298121  |a BIBEDU  |b BIBEDU  |d 2019-11-20  |i 1938711  |o 863 CER 1980  |p 1938711  |r 2019-11-20  |w 2019-11-20  |y BK  |k LIT